000 01023nam a22002657a 4500
003 DO-SdBNP
005 20240307073942.0
007 ta
008 210920b 2017 dr 00| 0 eng d
020 _a9789945472783
040 _aDO-SdBNP
_bspa
_cBNPHU
049 _aBNPD
082 4 _aBNPHU 378.1012
_bI59r, 2017
110 2 _aInstituto Tecnológico de Santo Domingo
_978911
245 1 0 _aReglamentos académicos especiales :
_cnormas de convivencia y reglamentos disciplinario para el estudiantado, aprobado en Consejo Académico mediante su resolución No. 201 70203-07/12 /
_bcorreción Jade Díaz Pimentel
260 _aSanto Domingo :
_bINTEC,
_c2017.
300 _a33 p. ;
_c21 cm.
590 _aInventariado, 2021/BT
610 1 0 _aInstituto Tecnológico de Santo Domingo
_vReglamentos
_91629
650 1 4 _aUniversidades
_xReglamentos
_zRepública Dominicana
_962405
650 1 4 _aAdministración universitaria
_919530
700 1 2 _aDíaz Pimentel, Jade,
_957287
_ecorrección
910 _aBtavárez
942 _2ddc
_cLBS1
999 _c50581
_d50581